Statistics for 200 Airline Plane Tales

Click here to take the quiz!

General Stats

  • This quiz has been taken 12 times
    (7 since last reset)
  • The average score is 76 of 200

Answer Stats

Answer% Correct
Air China
100%
American Air
100%
Middle East Air
100%
Ryanair
100%
Alaska Air
80%
All Nippon Air
80%
Delta Air
80%
LATAM
80%
Lufthansa
80%
SAS
80%
Southwest Air
80%
Spirit
80%
United Air
80%
Aer lingus
60%
Aeroflot
60%
Air Canada
60%
Air India
60%
China Eastern Air
60%
China Southern Air
60%
Emirates
60%
Finnair
60%
Garuda Indonesia
60%
Garuda Indonesia
60%
KLM
60%
LAN Air
60%
Norwegian
60%
THAI
60%
TUI
60%
Turkish Air
60%
Aegean Air
40%
Aerolineas Argentinas
40%
Aeromexico
40%
Air Arabia
40%
Air Armenia
40%
Air Astana
40%
Air Avianca
40%
Air Belgium
40%
Air Dolomiti
40%
Air Europa
40%
Air France
40%
Air Inuit
40%
AirKoryo
40%
Air Malta
40%
Air Namibia
40%
Air New Zealand
40%
Air Serbia
40%
Air TAHITI
40%
AirTran
40%
Asiana Air
40%
Atlantic air
40%
Atlas Air
40%
Azores Airlines
40%
Azul
40%
Biman air
40%
Breeze Air
40%
British Airways
40%
Brussels Air
40%
Caribbean Air
40%
Cathay Dragon
40%
Cathay Pacific
40%
Cayman Air
40%
Cebu Pacific Air
40%
Condor
40%
Copa Air
40%
Czech Air
40%
EasyJet
40%
Egyptair
40%
Ethiopian Air
40%
Etihad
40%
Eurowings
40%
Eva Air
40%
Fiji Air
40%
FlyDubai
40%
French bee
40%
Frontier
40%
Gol air
40%
Gulf Air
40%
Hawaiian Air
40%
Helvetic Air
40%
Hong Kong Air
40%
Iberia
40%
Icelandair
40%
IndiGo Air
40%
IndiGo Air
40%
Iran Air
40%
Iraqi Air
40%
Ita Air
40%
Japan Air
40%
JetBlue
40%
Kalitta Air
40%
Kenya Air
40%
Kingfisher Air
40%
Korean Air
40%
Level Air
40%
LuxAir
40%
Mexicana Air
40%
National Air
40%
Northwest Air
40%
Oman Air
40%
Pakistan International Air
40%
Pan Am
40%
Pegasus Air
40%
Philippine Air
40%
Qantas
40%
Qatar Air
40%
Rex Air
40%
Rossiya Air
40%
Royal Air Maroc
40%
Royal Brunei
40%
Royal Jordanian
40%
RwandAir
40%
Saudia
40%
Singapore air
40%
Smartwings
40%
Solomons Air
40%
SpiceJet
40%
SriLankan Air
40%
Star Alliance
40%
SunClass
40%
Sun Country
40%
SWISS
40%
Swoop
40%
TAAG
40%
Tap Air
40%
Thomas Cook
40%
Transavia Air
40%
Ukraine International
40%
Ural Air
40%
Vanuatu Air
40%
Vietnam Air
40%
Virgin
40%
vueling
40%
WestJet
40%
Wideroe
40%
Wizz Air
40%
Adria Air
20%
Air Afrique
20%
Air Calin
20%
AirInter
20%
Air Macau
20%
Air Madagascar
20%
Air Mauritius
20%
Airone
20%
AirSahara
20%
Air transit
20%
Amaszonas air
20%
America West
20%
Asia Atlantic air
20%
Austrian air
20%
Azerbajian Air
20%
Baltik Air
20%
Bamboo Air
20%
Bangkok Air
20%
Blue air
20%
Braniff International
20%
Cameroon Air
20%
Citilink Air
20%
CP air
20%
Cyprus Air
20%
Danish Air Transport
20%
Fly GlobeSpan
20%
Flynas Air
20%
FlyOne
20%
Flyr
20%
Globus Air
20%
Hi Fly Malta
20%
InterJet
20%
Itapemirim Transport Air
20%
Jet Air
20%
JetTime
20%
Kal Star Aviation
20%
Kulula
20%
Lao Central Air
20%
Mahan Air
20%
Malev Air
20%
Malindo Air
20%
Mandala Air
20%
MaxAir
20%
Nauru Air
20%
Nok Air
20%
Northern Pacific Air
20%
OceanAir
20%
OrenAir
20%
Peach
20%
Sabena air
20%
Salam Air
20%
Seaboard World Air
20%
Silk Air
20%
Silk Way West Air
20%
Sky Air
20%
Southwind air
20%
Tajik Air
20%
Tatarstan air
20%
Tigerair Australia
20%
Trans Air
20%
Varig Air
20%
Vistara Air
20%
Wamos Air
20%
Western Global Air
20%
Xiamen Air
20%

Score Distribution

Percentile by Number Answered

Percent of People with Each Score

Your Score History

You have not taken this quiz since the last reset